000 00832nam a22002417a 4500
005 20101218144744.0
008 101218t xxu||||| |||| 00| 0 eng d
010 _aENG-101827
020 _a9788120342194
_c425.00
035 _aEN-85360
037 _bDBAD / PUB
040 _adpl
_bEnglish
082 _a005.758
100 _aPatrick, Tim
_924913
245 _aMicrosoft ADO.NET 4 step by step /
_cby Tim Patrick
260 _aNew Delhi
_bPHI Learning
_c2011
270 _aM-97 Connaught Circus
_bNew Delhi
_e110001
300 _axxiii, 411 p.:
_c24cm(pbk)
_bill
500 _aIncludes index
700 _924920
942 _2ddc
_cEN
_mPAT
_h005.758
999 _c49275
_d49275